ECO 101 : (Record no. 9221)

MARC details
000 -LEADER
fixed length control field 00399nam a22001337a 4500
005 - DATE AND TIME OF LATEST TRANSACTION
control field 20230113145256.0
008 - FIXED-LENGTH DATA ELEMENTS--GENERAL INFORMATION
fixed length control field 230113b |||||||| |||| 00| 0 eng d
040 ## - CATALOGING SOURCE
Transcribing agency ##$aRTC$cRTC
082 ## - DEWEY DECIMAL CLASSIFICATION NUMBER
Classification number 338.5
245 ## - TITLE STATEMENT
Title ECO 101 :
Remainder of title Microeconomics Coursepack
Statement of responsibility, etc. Compiled by Madhav Verma
260 ## - PUBLICATION, DISTRIBUTION, ETC.
Place of publication, distribution, etc. Thimphu :
Name of publisher, distributor, etc. Royal Thimphu College,
Date of publication, distribution, etc. 2014
500 ## - GENERAL NOTE
General note Xerographic copy in a binder.
942 ## - ADDED ENTRY ELEMENTS (KOHA)
Source of classification or shelving scheme Dewey Decimal Classification
Koha item type CE Textbook
Holdings
Withdrawn status Lost status Source of classification or shelving scheme Damaged status Not for loan Collection code Home library Current library Shelving location Date acquired Serial Enumeration / chronology Total Checkouts Full call number Barcode Date last seen Price effective from Koha item type
    Dewey Decimal Classification     Binding Materials. RTC Library RTC Library CE Textbook 13/01/2023 176588   338.5 VER c.1 30017598 13/01/2023 13/01/2023 CE Textbook
    Dewey Decimal Classification     Binding Materials. RTC Library RTC Library CE Textbook 13/01/2023 176589   338.5 VER c.2 30017618 13/01/2023 13/01/2023 CE Textbook
Royal Thimphu College || All Right Reserved